000 01924nam a22002537a 4500
003 Uzh_bibl
008 260430b |||||||| |||| 00| 0 ukr d
020 _a978-617-12-6047-4
_c80.00
040 _bукр.
041 _2ukr
_aukr
080 _a821(477)
090 _a821(477)
_bК 59
100 _aКокотюха, Андрій
245 _aЧорний ліс
_cпередм. І.Патриляка
_hТекст
260 _aХарків
_bКнижковий Клуб "Клуб Сімейного Дозвілля"
_c2019
300 _a304 с.
_fВ опр.
520 _aАндрій Кокотюха знову звертається до теми українського повстанського руху в роки Другої світової війни. У Чорному лісі на Волині українці ведуть смертний бій на три фронти: з німцями, росіянами та поляками. Головному героєві — колишньому міліціонерові з Миргорода, зекові, радянському диверсанту — непросто розібратися в тому, хто є ворогом його народу. Утім, вроджене прагнення справедливості не лишає для нього сумнівів, на чиєму боці правда, а стрімке розгортання подій, у вирі яких він опинився, спонукає відстоювати її зі зброєю в руках.
521 _a18+ Обережно! Ненормативна лексика!
546 _aукр.
650 _aЛітературно-художнє видання
653 _aВороги
_aДрузі
_aВійна
655 _aІсторична проза
_vРоман
_yУкраїнські хроніки 1943 року
942 _2udc
_cBK
999 _c17569
_d17569